Historia general de América
Saved in:
| Hovedforfatter: | |
|---|---|
| Format: | Bog |
| Sprog: | spansk |
| Udgivet: |
Santiago
Ercilla
1949
|
| Udgivelse: | 5a. ed |
| Fag: | |
| Tags: |
Tilføj Tag
Ingen Tags, Vær først til at tagge denne postø!
|
MARC
| LEADER | 00000nam a2200000 a 4500 | ||
|---|---|---|---|
| 001 | UCO2910 | ||
| 003 | CL-VaPUC | ||
| 008 | 000608e19490000CL |||||||||||||||||spa|d | ||
| 082 | 0 | 4 | |a 980 |b SAN |2 21 |
| 100 | 0 | |a Sánchez, Luis Alberto |e author |9 446644 | |
| 245 | 1 | 0 | |a Historia general de América |
| 250 | |a 5a. ed | ||
| 300 | |a v | ||
| 942 | |c BK | ||
| 945 | |d 20000608 00:00:00 |a rherrera | ||
| 260 | |a Santiago |b Ercilla |c 1949 | ||
| 650 | 0 | |a Historia de América |9 266076 | |
| 650 | 0 | |a América Precolombina |9 446253 | |
| 650 | 0 | |a Descubrimiento y Conquista de América |9 446281 | |
| 650 | 0 | |a América colonial |9 446254 | |
| 650 | 7 | |a CAUDILLISMO |2 CL-VaPUC |9 374427 | |
| 650 | 7 | |a ESTADOS |2 CL-VaPUC |9 357800 | |
| 650 | 0 | |a Naciones |9 337518 | |
| 650 | 7 | |a SIGLOS 19-20 |2 CL-VaPUC |9 267705 | |
| 650 | 0 | |a Relaciones Internacionales |9 255740 | |
| 650 | 7 | |a COLONIAS INGLESAS |2 CL-VaPUC |9 433674 | |
| 650 | 0 | |a Colonias españolas |9 267778 | |
| 650 | 7 | |a COLONIAS PORTUGUESAS |2 CL-VaPUC |9 444023 | |
| 650 | 0 | |a Independencia Americana |9 395691 | |
| 651 | 7 | |a AMERICA DEL NORTE |2 CL-VaPUC |9 311278 | |
| 651 | 0 | |a América del Sur |9 260128 | |
| 651 | 0 | |a América Central |9 255026 | |
| 583 | |a last modification |c 20000608 00:00:00 |k Rodrigo Vera | ||
| 999 | |c 289400 |d 289398 | ||
| 952 | |0 0 |1 0 |4 0 |6 980_000000000000000_SAN_1949 |7 0 |8 X |9 337768 |a BIBHIS |b BIBHIS |d 2019-11-20 |h v.1 |i 1289047 |o 980 SAN 1949 |p 1289047 |r 2024-01-30 |w 2019-11-20 |y BK_X |k HIS | ||
| 952 | |0 0 |1 0 |4 0 |6 980_000000000000000_SAN_1949 |7 0 |8 X |9 337769 |a BIBHIS |b BIBHIS |d 2019-11-20 |h v.2 |i 1289055 |o 980 SAN 1949 |p 1289055 |r 2024-01-30 |w 2019-11-20 |y BK_X |k HIS | ||
| 952 | |0 0 |1 0 |4 0 |6 980_000000000000000_SAN_1949 |7 0 |8 X |9 337770 |a BIBHIS |b BIBHIS |d 2019-11-20 |h v.2 |i 1289063 |o 980 SAN 1949 |p 1289063 |r 2024-01-30 |w 2019-11-20 |y BK_X |k HIS | ||